| 000 | 00402nam a22001577a 4500 | ||
|---|---|---|---|
| 003 | OSt | ||
| 005 | 20250220145846.0 | ||
| 008 | 250220b |||||||| |||| 00| 0 eng d | ||
| 020 | _a9788123909431 | ||
| 040 | _cIIMT COLLEGE OF PHARMACY GREATER NOIDA | ||
| 100 | _aWILLARD, MERRITT | ||
| 245 | _aINSTRUMENTAL METHODS OF ANALYSIS | ||
| 260 |
_aNEW DELHI _bCBS _c1986 |
||
| 300 | _a895 | ||
| 942 |
_2ddc _c01 |
||
| 999 |
_c65208 _d65208 |
||